000 00415nam a2200145 a 4500
001 000033020
005 20200930065957.0
008 110808s1972 dr 000 0 spa d
040 _aDO-SdBNP
_bspa
_cBNPHU
100 1 _aGómez Cerda, José
_98583
245 1 3 _aLa lucha es diaria /
_cJosé Gómez Cerda.
260 _aSanto Domingo :
_bEditorial Mundo Moderno,
_c1972.
300 _a166 p. ;
_c22 cm.
049 _aBNPD
999 _c32511
_d32511